Т. 59, № 1; Известия вузов. Приборостроение

Бібліографічні деталі
Parent link:Известия вузов. Приборостроение: научно-технический журнал/ Санкт-Петербургский национальный исследовательский университет информационных технологий, механики и оптики. Т. 59, № 1.— , 1958-1991, 1993-
Мова:Російська
Опубліковано: 2016
Онлайн доступ:http://pribor.ifmo.ru/ru/journal/756/journal_756.htm
Формат: Електронний ресурс Книга
KOHA link:https://koha.lib.tpu.ru/cgi-bin/koha/opac-detail.pl?biblionumber=559394

MARC

LEADER 00000nam2a2200000 4500
001 559394
005 20231101122550.0
035 |a (RuTPU)RU\TPU\prd\254134 
090 |a 559394 
100 |a 20160311a19589999k y0rusy50 ca 
101 0 |a rus 
102 |a RU 
181 0 |a i  
182 0 |a b 
200 0 |a Т. 59, № 1  |b Электронный ресурс 
203 |a Текст  |c электронный 
210 |d 2016 
461 1 |0 (RuTPU)RU\TPU\prd\1504  |t Известия вузов. Приборостроение  |o научно-технический журнал  |f Санкт-Петербургский национальный исследовательский университет информационных технологий, механики и оптики  |v Т. 59, № 1  |d 1958-1991, 1993- 
801 0 |a RU  |b 63413507  |c 20010227  |g PSBO 
801 1 |a RU  |b 63413507  |c 20160311 
801 2 |a RU  |b 63413507  |c 20230505  |g RCR 
856 4 0 |u http://pribor.ifmo.ru/ru/journal/756/journal_756.htm 
942 |c BK 
999 |a НТБ_ТПУ  |b НФ  |e -1/20160111  |p П-6307м  |s 6/20151117  |u 0,00  |v 1